Sports Quiz

Random Sports or Soccer Quiz

England's 1990 WC Squad Quiz Stats

 Plays Quiz Updated Oct 17, 2012

Challenge
Share
Tweet
Embed
Score 0/24 Timer 05:00
1 Play Today
Position Player % Correct
FWGary Lineker
86.7%
MDPaul Gascoigne
82.5%
GKDavid Seaman
81.9%
CoachSir Bobby Robson
80.7%
MDBryan Robson
79.8%
GKPeter Shilton
78.5%
MDChris Waddle
71.6%
DFStuart Pearce
68.8%
FWJohn Barnes
67.2%
DFTerry Butcher
61.1%
FWSteve Bull
59.9%
FWDavid Platt
59.3%
Position Player % Correct
DFDes Walker
57.4%
FWPeter Beardsley
56.6%
DFPaul Parker
54.7%
GKChris Woods
53.1%
DFMark Wright
49.1%
MDTrevor Steven
45.7%
DFGary Stevens
40.1%
MDSteve McMahon
34.4%
MDNeil Webb
34.3%
GKDave Beasant
32.9%
MDSteve Hodge
27.8%
DFTony Dorigo
23.7%

You're not logged in!

Compare scores with friends on all Sporcle quizzes.
OR
Log In

You Might Also Like...

Show Comments

Extras

Top Quizzes Today


Score Distribution

Your Account Isn't Verified!

In order to create a playlist on Sporcle, you need to verify the email address you used during registration. Go to your Sporcle Settings to finish the process.

Report this User

Report this user for behavior that violates our Community Guidelines.

Details: